000 00434nam a2200181Ia 4500
001 21467
005 20260306172921.0
008 260306t2004||||xx |||||||||||||| ||spa||
041 _aESP
082 _a345.02
_bS21
100 _aSánchez Velarde, Pablo
_eAUT
245 0 _aManual de derecho procesal penal
260 _c2004
300 _a959 páginas :
_c24 cm.
650 _aGEN
654 _aCDE
942 _cLIB
_dJUS
_fJUS
_2ddc
_n
999 _c21467
_d21467